00900nam a2200265 a 450000100060000000300080000600500170001400800410003102000320007203500190010404000270012304100080015008200250015810000270018324500600021026000320027030000330030249000600033550400260039565000200042165000290044194200120047099900170048295201350049972823BD-RjUL20211209082320.0170524s1980 enka b 000 0 eng  a0713128054 (pbk.) :c£2.60 a(BD-RjUL)73041 aDLCcDLCdBD-RjULbeng aeng00a572.57223bFUL 19801 aFurth, Anna J.921538810aLipids and polysaccharides in biology /cAnna J. Furth. aLondon :bE. Arnold,c1980. a65, [1] p. :bill. ;c22 cm. aThe Institute of Biology's studies in biology,vno. 125 aBibliography: p. [66] 0aLipids.9215389 0aPolysaccharides.9215390 2ddccBK c72823d72823 00102ddc40718NFICaRUCLbRUCLcReadingd1983-05-12eHefferg2.10l0o572.57 FUL 1980r2017-05-24 00:00:00tC-1w2017-05-24yBK